000 00588nam a2200217Ia 4500
003 OSt
005 20220923221701.0
006 a|||||r|||| 00| 0
007 ta
008 220922b |||||||| |||| 00| 0 hin d
024 _a199,300
037 _cTextual
040 _aARTS
_cARTS
_bhin
041 _2hin
_ahin
082 _aQ, 152J0
100 _aगंगाप्रसाद
245 0 _aधर्म का आदि स्रोत
246 _aDharma kā ādi srota
942 _hQ, 152J0
_cTEXL
_2CC
999 _c351075
_d351075